Điều tra, nghiên cứu độc chất Urê và xác định lượng NH3 tồn dư trong một số loại cá, tôm trong bảo quản sản phẩm tại các chợ đầu mối Thành phố Hồ Chí Minh : Báo cáo tổng kết đề tài Khoa học và Công nghệ cấp trường

Saved in:
Bibliographic Details
Main Author: Nguyễn Thị Kiều Diễm
Format: Đề tài khoa học
Language:Undetermined
Published: Trường Đại học Công nghiệp Tp. Hồ Chí Minh 2013
Subjects:
Tags: Add Tag
No Tags, Be the first to tag this record!
Institutions: Trung tâm Thư viện - Trường Đại học Công nghiệp TP. Hồ Chí Minh
LEADER 00904nam a2200157Ia 4500
001 UIH_00553
008 230809s9999 xx 000 0 und d
082 |a 571.95 
100 |a Nguyễn Thị Kiều Diễm 
245 0 |a Điều tra, nghiên cứu độc chất Urê và xác định lượng NH3 tồn dư trong một số loại cá, tôm trong bảo quản sản phẩm tại các chợ đầu mối Thành phố Hồ Chí Minh : Báo cáo tổng kết đề tài Khoa học và Công nghệ cấp trường 
245 0 |c Nguyễn Thị Kiều Diễm 
260 |b Trường Đại học Công nghiệp Tp. Hồ Chí Minh 
260 |c 2013 
650 |a Độc chất học môi trường; 
927 |a Đề tài khoa học 
980 |a Trung tâm Thư viện - Trường Đại học Công nghiệp TP. Hồ Chí Minh